| Поле | Название | Значение |
| |
Тип записи |
a |
| |
Библиографический уровень |
m |
| 001 |
Контрольный номер |
6553eabf1ff84e5fad913aaa2d9c0553 |
| 005 |
Дата корректировки |
20140625100452.6 |
| 010 |
Индекс ISBN |
__ |
| a |
ISBN |
5-8018-0250-9 |
| 200 |
Заглавие и сведения об ответственности |
1_ |
| a |
Заглавие |
Ответственность за нарушение трудового законодательства |
| f |
Первые сведения об ответственности |
Гейц, Игорь Викторович |
| 210 |
Выходные данные |
1_ |
| a |
Место издания |
М. |
| c |
Издательство |
ДИС |
| d |
Дата издания |
2004 |
| 215 |
Физическое описание |
__ |
| a |
Объем |
192 с. |
| 225 |
Серия |
2_ |
| a |
Серия |
Б-ка журн."Заработная плата.Расчеты.Учет.налоги";вып 9 |
| 610 |
Ключевые слова |
0_ |
| a |
Ключевые слова |
ответственность руководителя |
| 610 |
Ключевые слова |
0_ |
| a |
Ключевые слова |
ответственность за нарушение трудового законодательства |
| 610 |
Ключевые слова |
0_ |
| a |
Ключевые слова |
ответственность |
| 610 |
Ключевые слова |
0_ |
| a |
Ключевые слова |
трудовые правоотношения |
| 610 |
Ключевые слова |
0_ |
| a |
Ключевые слова |
трудовые отношения |
| 610 |
Ключевые слова |
0_ |
| a |
Ключевые слова |
трудовые конфликты |
| 610 |
Ключевые слова |
0_ |
| a |
Ключевые слова |
трудовые договоры |
| 610 |
Ключевые слова |
0_ |
| a |
Ключевые слова |
трудовой кодекс |
| 610 |
Ключевые слова |
0_ |
| a |
Ключевые слова |
трудовой договор(контракт) |
| 610 |
Ключевые слова |
0_ |
| a |
Ключевые слова |
трудовое право России |
| 610 |
Ключевые слова |
0_ |
| a |
Ключевые слова |
трудовое законодательство РФ |
| 610 |
Ключевые слова |
0_ |
| a |
Ключевые слова |
трудовое законодательство |
| 610 |
Ключевые слова |
0_ |
| a |
Ключевые слова |
ответственность |
| 610 |
Ключевые слова |
0_ |
| a |
Ключевые слова |
дисциплинарная ответственность |
| 610 |
Ключевые слова |
0_ |
| a |
Ключевые слова |
административная ответственность |
| 610 |
Ключевые слова |
0_ |
| a |
Ключевые слова |
уголовная ответственность |
| 610 |
Ключевые слова |
0_ |
| a |
Ключевые слова |
материальная ответственность |
| 686 |
Индексы других классификаций |
__ |
| a |
Классификационный индекс |
67.627 |
| 2 |
Код системы |
rubbk |
| 700 |
Автор |
_1 |
| a |
Фамилия |
Гейц, Игорь Викторович |
| 801 |
Источник записи |
_0 |
| a |
Страна |
RU |
| b |
Организация |
РУК |
| c |
Дата составления |
20050621 |
| g |
Правила каталогизации |
PSBO |
| 801 |
Источник записи |
_1 |
| a |
Страна |
RU |
| b |
Организация |
РУК |
| c |
Дата составления |
20050621 |
| g |
Правила каталогизации |
PSBO |
| 852 |
Данные о местонахождении |
__ |
| i |
Авторский знак |
Г 29 |
| j |
Шифр хранения |
ББК 67 |
| 901 |
Тип документа |
__ |
| t |
Тип документа |
m |
| 938 |
Служебная информация |
__ |
| a |
Название организации |
Головной вуз |
| b |
Имя БД |
BOOK |
| c |
Название АИБС |
АИБС ИРБИС |